[Event "Jugend WM U20"]
[Site "Istanbul"]
[Date "2005.11.10"]
[Round "2.25"]
[White "El Debs, Felipe De Cresce"]
[Black "Zinchenko, Yaroslav"]
[Result "1/2-1/2"]
[WhiteElo "2341"]
[BlackElo "2485"]
[PlyCount "44"]
[EventDate "2005.11.??"]
[EventType "swiss"]
[EventRounds "13"]
[EventCountry "TUR"]
[Source "Reinhold Goldau"]
[SourceDate "2000.03.01"]

1. e4 c5 2. Nc3 Nc6 3. g3 g6 4. Bg2 Bg7 5. d3 Rb8 6. f4 b5 7. Nf3 b4 8. Ne2 d6
9. O-O Nf6 10. Nh4 Nd7 11. f5 O-O 12. Kh1 a5 13. Rb1 Nde5 14. Bf4 a4 15. b3
axb3 16. axb3 Ra8 17. Qd2 Ra2 18. Nc1 Ra6 19. Ne2 Ra2 20. Nc1 Ra6 21. Ne2 Bb7
22. Bh6 Ra2 1/2-1/2

[Event "Jugend WM U20"]
[Site "Istanbul"]
[Date "2005.11.10"]
[Round "2.26"]
[White "Magalashvili, Davit"]
[Black "Can, Emre"]
[Result "1-0"]
[WhiteElo "2448"]
[BlackElo "2287"]
[PlyCount "123"]
[EventDate "2005.11.??"]
[EventType "swiss"]
[EventRounds "13"]
[EventCountry "TUR"]
[Source "Reinhold Goldau"]
[SourceDate "2000.03.01"]

1. c4 e5 2. Nc3 Nf6 3. g3 Bb4 4. Bg2 O-O 5. Nd5 Nxd5 6. cxd5 c6 7. a3 Bc5 8. e3
cxd5 9. Bxd5 Nc6 10. Ne2 d6 11. O-O Bh3 12. Re1 Kh8 13. d4 Bb6 14. b4 Qg5 15.
b5 Nd8 16. Nc3 Ne6 17. Bxb7 Rab8 18. Bh1 Rfc8 19. Ne4 Qg6 20. Nxd6 exd4 21.
Nxc8 Rxc8 22. exd4 Bg4 23. Qa4 Nxd4 24. Be3 Ne2+ 25. Rxe2 Bxe2 26. Qa6 Qc2 27.
Be4 Qc3 28. Rc1 Qxc1+ 29. Bxc1 Rxc1+ 30. Kg2 Bf1+ 31. Kf3 g6 32. Ba8 Rc3+ 33.
Kf4 Kg7 34. f3 Rc4+ 35. Ke5 Rc5+ 36. Kd6 Bxb5 37. Qb7 Rc3 38. Qe4 Bc5+ 39. Kd5
Rc4 40. Qe5+ Kh6 41. Qb2 a6 42. a4 Be7 43. axb5 Rc5+ 44. Ke4 axb5 45. Qd2+ Bg5
46. Qd6 Rc4+ 47. Kd3 Kg7 48. Bd5 Rc8 49. Qd7 Rf8 50. Qxb5 Rd8 51. Qb7 Be7 52.
Kc4 Kf8 53. f4 Rd6 54. f5 gxf5 55. Qc8+ Kg7 56. Qxf5 Rf6 57. Qg4+ Kf8 58. h4
Rg6 59. Qc8+ Kg7 60. Qd7 Kf8 61. Qf5 Bf6 62. h5 1-0

[Event "Jugend WM U20"]
[Site "Istanbul"]
[Date "2005.11.10"]
[Round "2.27"]
[White "Rau, Hannes"]
[Black "Samakov, Nurdin"]
[Result "1/2-1/2"]
[WhiteElo "2421"]
[BlackElo "2209"]
[PlyCount "83"]
[EventDate "2005.11.??"]
[EventType "swiss"]
[EventRounds "13"]
[EventCountry "TUR"]
[Source "Reinhold Goldau"]
[SourceDate "2000.03.01"]

1. d4 d5 2. c4 dxc4 3. Nf3 Nf6 4. e3 e6 5. Bxc4 c5 6. O-O a6 7. a4 Nc6 8. Qe2
cxd4 9. Rd1 Be7 10. exd4 O-O 11. Nc3 Nd5 12. h3 b6 13. Ne5 Nxc3 14. bxc3 Nxe5
15. Qxe5 Bb7 16. Bf4 Qc8 17. Bf1 Bf6 18. Qe3 Bd5 19. Qd3 Qc6 20. c4 Be4 21. Qb3
Rfd8 22. Be3 Rab8 23. Rac1 Qd7 24. d5 exd5 25. f3 Bf5 26. cxd5 b5 27. axb5 axb5
28. Bf4 Qa7+ 29. Kh2 Rb7 30. Rc6 Qa4 31. Qxa4 bxa4 32. Ra6 Bc2 33. Rc1 Bb3 34.
d6 Rb4 35. Bg3 g6 36. d7 Kg7 37. Ra7 Be6 38. Rd1 h5 39. Be1 Rd4 40. Rxd4 Bxd4
41. Rxa4 Be5+ 42. Bg3 1/2-1/2

[Event "Jugend WM U20"]
[Site "Istanbul"]
[Date "2005.11.10"]
[Round "2.28"]
[White "Zhigalko, Andrey"]
[Black "Zeynalov, Farid"]
[Result "1-0"]
[WhiteElo "2537"]
[BlackElo "2179"]
[PlyCount "95"]
[EventDate "2005.11.??"]
[EventType "swiss"]
[EventRounds "13"]
[EventCountry "TUR"]
[Source "Reinhold Goldau"]
[SourceDate "2000.03.01"]

1. e4 c5 2. Nf3 Nc6 3. d4 cxd4 4. Nxd4 e5 5. Nb5 d6 6. N1c3 a6 7. Na3 b5 8. Nd5
Nce7 9. Nb4 Nf6 10. c4 bxc4 11. Nxc4 Nxe4 12. Bd3 Qc7 13. Be3 Rb8 14. Qa4+ Qd7
15. Qxd7+ Kxd7 16. Nb6+ Rxb6 17. Bxb6 Nc5 18. Bxc5 dxc5 19. Nxa6 Kc6 20. Rc1
Nd5 21. Be4 Bxa6 22. Rd1 f5 23. Bxd5+ Kc7 24. Be6 g6 25. Rd7+ Kc6 26. Rd8 Kc7
27. Re8 Bb5 28. Rc8+ Kd6 29. Bf7 e4 30. b3 Bg7 31. Rxh8 Bc3+ 32. Kd1 Bxh8 33.
a4 Bd3 34. Bc4 Bc3 35. Bxd3 exd3 36. h4 Kd5 37. h5 g5 38. Rh3 Kd4 39. Re3 Bb4
40. Re7 h6 41. Rc7 f4 42. Rc6 g4 43. Rxh6 Kc3 44. Rc6 Kxb3 45. a5 c4 46. a6 c3
47. Rxc3+ Bxc3 48. a7 1-0

[Event "Jugend WM U20"]
[Site "Istanbul"]
[Date "2005.11.10"]
[Round "2.29"]
[White "Ouakhir, Mehdi"]
[Black "Khairullin, Ildar"]
[Result "1/2-1/2"]
[WhiteElo "2239"]
[BlackElo "2537"]
[PlyCount "46"]
[EventDate "2005.11.??"]
[EventType "swiss"]
[EventRounds "13"]
[EventCountry "TUR"]
[Source "Reinhold Goldau"]
[SourceDate "2000.03.01"]

1. d4 Nf6 2. c4 g6 3. Nc3 Bg7 4. e4 d6 5. f3 Nc6 6. Nge2 a6 7. d5 Ne5 8. Ng3 c6
9. a4 h5 10. Be2 Qb6 11. a5 Qc5 12. Nf1 cxd5 13. cxd5 e6 14. Be3 Qc7 15. Bb6
Qe7 16. Ne3 O-O 17. O-O Ned7 18. dxe6 fxe6 19. Bd4 Ne5 20. Nc4 Nc6 21. Bxf6
Bxf6 22. Qxd6 Qxd6 23. Nxd6 Rd8 1/2-1/2

[Event "Jugend WM U20"]
[Site "Istanbul"]
[Date "2005.11.10"]
[Round "2.30"]
[White "Yagiz, Yasin Emrah"]
[Black "Barnaure, Vlad-Victor"]
[Result "1-0"]
[WhiteElo "2206"]
[BlackElo "2454"]
[PlyCount "63"]
[EventDate "2005.11.??"]
[EventType "swiss"]
[EventRounds "13"]
[EventCountry "TUR"]
[Source "Reinhold Goldau"]
[SourceDate "2000.03.01"]

1. Nf3 g6 2. c4 Bg7 3. d4 c5 4. g3 cxd4 5. Nxd4 Nc6 6. Nc2 Nf6 7. Nc3 d6 8. Bg2
O-O 9. O-O Nd7 10. Qd2 Qa5 11. b4 Qd8 12. Rb1 a5 13. a3 axb4 14. axb4 Nde5 15.
Ne3 Be6 16. Ncd5 Nd4 17. Bb2 Nf5 18. f4 Bxd5 19. Bxd5 Nxe3 20. Qxe3 Ng4 21. Qf3
Bxb2 22. Rxb2 Nf6 23. Bxb7 Rb8 24. Qc6 Nd7 25. c5 Nf6 26. Rd1 d5 27. Qa6 e6 28.
c6 Ne4 29. Rc2 Qe7 30. c7 Nd6 31. cxb8=Q Rxb8 32. Bc8 1-0

[Event "Jugend WM U20"]
[Site "Istanbul"]
[Date "2005.11.10"]
[Round "2.32"]
[White "Tulay, Berkay"]
[Black "Grecescu, Gabriel-Andrei"]
[Result "1/2-1/2"]
[WhiteElo "2179"]
[BlackElo "2380"]
[PlyCount "41"]
[EventDate "2005.11.??"]
[EventType "swiss"]
[EventRounds "13"]
[EventCountry "TUR"]
[Source "Reinhold Goldau"]
[SourceDate "2000.03.01"]

1. d4 Nf6 2. Nf3 e6 3. g3 b6 4. Bg2 Bb7 5. O-O c5 6. c4 cxd4 7. Nxd4 Bxg2 8.
Kxg2 a6 9. Nc3 Be7 10. e4 Qc7 11. Qe2 Nc6 12. Nxc6 dxc6 13. e5 Nd7 14. Bf4 O-O
15. Be3 Rad8 16. Ne4 Nc5 17. Bxc5 Bxc5 18. Rad1 Bd4 19. b3 c5 20. Nf6+ gxf6 21.
Qe4 1/2-1/2

[Event "Jugend WM U20"]
[Site "Istanbul"]
[Date "2005.11.10"]
[Round "2.33"]
[White "Krivokapic, Marko"]
[Black "Shlykov, Vitali"]
[Result "0-1"]
[WhiteElo "2361"]
[BlackElo "2238"]
[PlyCount "60"]
[EventDate "2005.11.??"]
[EventType "swiss"]
[EventRounds "13"]
[EventCountry "TUR"]
[Source "Reinhold Goldau"]
[SourceDate "2000.03.01"]

1. e4 e6 2. d4 d5 3. e5 c5 4. c3 Nc6 5. Nf3 Qb6 6. a3 Nh6 7. b4 cxd4 8. cxd4
Nf5 9. Be3 f6 10. exf6 gxf6 11. Bd3 Nxe3 12. fxe3 e5 13. b5 Ne7 14. Be2 Nf5 15.
Qb3 Bh6 16. Nc3 Nxe3 17. Nxd5 Nxd5 18. Qxd5 Be6 19. Qe4 O-O-O 20. Rd1 Kb8 21.
O-O Bf4 22. Kh1 f5 23. Qc2 e4 24. Nh4 Qd6 25. d5 Bd7 26. g3 Bxg3 27. hxg3 Qxg3
28. Ng2 Rdg8 29. Bc4 Rc8 30. Rd4 Bxb5 0-1

[Event "Jugend WM U20"]
[Site "Istanbul"]
[Date "2005.11.10"]
[Round "2.34"]
[White "Glud, Jacob Vang"]
[Black "Bekkat, Azeddinne"]
[Result "1-0"]
[WhiteElo "2349"]
[BlackElo "2202"]
[PlyCount "151"]
[EventDate "2005.11.??"]
[EventType "swiss"]
[EventRounds "13"]
[EventCountry "TUR"]
[Source "Reinhold Goldau"]
[SourceDate "2000.03.01"]

1. c4 Nf6 2. g3 e6 3. Bg2 Be7 4. Nf3 d5 5. O-O O-O 6. Qc2 Nc6 7. d4 Nb4 8. Qb3
dxc4 9. Qxc4 Qd5 10. Na3 Qxc4 11. Nxc4 Rd8 12. Bf4 Nfd5 13. Bd2 Bd7 14. a3 Bb5
15. Rfc1 Nc6 16. e3 Bf6 17. Be1 Rd7 18. Bh3 Re8 19. b4 Bxc4 20. Rxc4 a6 21.
Rac1 h6 22. R4c2 Nb6 23. Nd2 Bxd4 24. Nb3 Bf6 25. Nc5 Rde7 26. Bg2 Ne5 27. Bxb7
c6 28. Bc3 Nbd7 29. Nxd7 Rxd7 30. Bxe5 Rxb7 31. Bxf6 gxf6 32. Rxc6 Ra8 33. R1c5
a5 34. b5 a4 35. Ra6 Rab8 36. Ra5 Kf8 37. Kf1 Ke7 38. Rxa4 Rxb5 39. Rc7+ Kd6
40. Rxf7 Ke5 41. Rh7 Rc8 42. Rxh6 Rc2 43. Kg2 Rb3 44. Ra5+ Kd6 45. Rxf6 Rxe3
46. h4 Ke7 47. Rf3 Ree2 48. h5 e5 49. h6 e4 50. Rf4 e3 51. Re5+ Kd6 52. Ref5
Rc7 53. Rf3 Rh7 54. Kf1 Rxf2+ 55. Rxf2 exf2 56. Rh5 Ke6 57. Kxf2 Kf6 58. g4 Kg6
59. Kg3 Kf7 60. Kh4 Kg8 61. Kg5 Ra7 62. h7+ Kh8 63. Rh3 Ra5+ 64. Kf4 Ra4+ 65.
Kf5 Ra5+ 66. Ke6 Rg5 67. a4 Rxg4 68. a5 Rg5 69. Ra3 Rg6+ 70. Kd7 Kxh7 71. a6
Rg7+ 72. Kc6 Rg6+ 73. Kd5 Rg5+ 74. Ke6 Rg6+ 75. Kf5 Rg8 76. Rh3+ 1-0

[Event "Jugend WM U20"]
[Site "Istanbul"]
[Date "2005.11.10"]
[Round "2.35"]
[White "Tanrikulu, Erhan"]
[Black "Tikkanen, Hans"]
[Result "1/2-1/2"]
[WhiteElo "2151"]
[BlackElo "2343"]
[PlyCount "40"]
[EventDate "2005.11.??"]
[EventType "swiss"]
[EventRounds "13"]
[EventCountry "TUR"]
[Source "Reinhold Goldau"]
[SourceDate "2000.03.01"]

1. e4 g6 2. d4 Bg7 3. Nc3 d6 4. Nf3 a6 5. a4 b6 6. Bc4 e6 7. Bg5 Ne7 8. Qd2 h6
9. Bf4 Nd7 10. h4 Bb7 11. O-O-O b5 12. Bd3 bxa4 13. Nxa4 Bc6 14. Nc3 Qb8 15.
Rde1 Bb5 16. Nxb5 axb5 17. Kd1 d5 18. exd5 exd5 19. Be3 c5 20. c3 f5 1/2-1/2

[Event "Jugend WM U20"]
[Site "Istanbul"]
[Date "2005.11.10"]
[Round "2.36"]
[White "Jojua, Davit"]
[Black "Stander, Heinrich"]
[Result "1/2-1/2"]
[WhiteElo "2337"]
[BlackElo "2128"]
[PlyCount "100"]
[EventDate "2005.11.??"]
[EventType "swiss"]
[EventRounds "13"]
[EventCountry "TUR"]
[Source "Reinhold Goldau"]
[SourceDate "2000.03.01"]

1. d4 Nf6 2. c4 g6 3. Nc3 d5 4. Bg5 Ne4 5. Bh4 Nxc3 6. bxc3 Bg7 7. e3 c5 8.
cxd5 cxd4 9. cxd4 Qxd5 10. Nf3 Qa5+ 11. Qd2 Qxd2+ 12. Kxd2 Nd7 13. Rb1 h6 14.
h3 g5 15. Bg3 O-O 16. Bd3 Nb6 17. Rhc1 Be6 18. a4 Rfc8 19. a5 Rxc1 20. Kxc1
Rc8+ 21. Kd2 Nc4+ 22. Bxc4 Bxc4 23. Rxb7 a6 24. Ne1 Bf6 25. Rc7 Rxc7 26. Bxc7
Bf1 27. Bb6 e6 28. e4 Be7 29. Ke3 Bd6 30. e5 Bb4 31. Nc2 Bc3 32. Kf3 Bd2 33. g4
Bd3 34. Ne3 Bxe3 35. fxe3 Bf1 36. e4 Bxh3 37. d5 Bf1 38. d6 Bb5 39. Ke3 Kf8 40.
Bd8 Ke8 41. Bf6 Ba4 42. Kd4 Kd7 43. Kc5 Bd1 44. Kb6 Be2 45. Kb7 Bd3 46. Kb6 Be2
47. Bg7 Bd3 48. Bxh6 Be2 49. Bxg5 Bd3 50. Bf6 Bxe4 1/2-1/2

[Event "Jugend WM U20"]
[Site "Istanbul"]
[Date "2005.11.10"]
[Round "2.37"]
[White "Uzun, Fuat"]
[Black "Gopal, GN."]
[Result "0-1"]
[WhiteElo "2070"]
[BlackElo "2327"]
[PlyCount "53"]
[EventDate "2005.11.??"]
[EventType "swiss"]
[EventRounds "13"]
[EventCountry "TUR"]
[Source "Reinhold Goldau"]
[SourceDate "2000.03.01"]

1. d4 Nf6 2. c4 g6 3. Nc3 d5 4. Nf3 Bg7 5. Bf4 O-O 6. cxd5 Nxd5 7. Nxd5 Qxd5 8.
Bxc7 Na6 9. Be5 Bf5 10. Bxg7 Kxg7 11. a3 Rac8 12. e3 Rc2 13. Bxa6 bxa6 14. O-O
Rxb2 15. Rc1 Rd8 16. Rc7 Rdb8 17. Rxe7 Rb1 18. Qe2 R8b2 19. Qxa6 Rxf1+ 20. Qxf1
Rb1 21. Ne1 Qa5 22. g4 Rxe1 23. gxf5 Rxf1+ 24. Kxf1 Qxa3 25. Rc7 a5 26. fxg6
hxg6 27. d5 0-1

[Event "Jugend WM U20"]
[Site "Istanbul"]
[Date "2005.11.10"]
[Round "2.38"]
[White "Aleskerov, Faik"]
[Black "Cil, Hasan Kivanc"]
[Result "1-0"]
[WhiteElo "2321"]
[BlackElo "2067"]
[PlyCount "66"]
[EventDate "2005.11.??"]
[EventType "swiss"]
[EventRounds "13"]
[EventCountry "TUR"]
[Source "Reinhold Goldau"]
[SourceDate "2000.03.01"]

1. e4 c6 2. c4 d5 3. cxd5 cxd5 4. exd5 Nf6 5. Nc3 Nxd5 6. Bc4 Nf6 7. Nf3 Bg4 8.
Bxf7+ Kxf7 9. Ne5+ Ke8 10. Nxg4 Qd4 11. Nxf6+ gxf6 12. O-O Nc6 13. Qh5+ Kd8 14.
d3 Rg8 15. Be3 Qg4 16. Qd5+ Ke8 17. Nb5 e6 18. Qe4 Rd8 19. g3 a6 20. Nc3 Kf7
21. Bb6 Qxe4 22. dxe4 Rd2 23. Rab1 Bb4 24. Rfd1 Bxc3 25. bxc3 Rc2 26. Rd7+ Kg6
27. Rxb7 Ne5 28. Re7 Rc8 29. Bc7 Nc4 30. Rb7 e5 31. h4 h6 32. g4 h5 33. Bd8 f5
1-0

[Event "Jugend WM U20"]
[Site "Istanbul"]
[Date "2005.11.10"]
[Round "2.39"]
[White "Agdestein, Emil"]
[Black "Macak, Stefan"]
[Result "0-1"]
[WhiteElo "2057"]
[BlackElo "2319"]
[PlyCount "148"]
[EventDate "2005.11.??"]
[EventType "swiss"]
[EventRounds "13"]
[EventCountry "TUR"]
[Source "Reinhold Goldau"]
[SourceDate "2000.03.01"]

1. e4 e6 2. d4 d5 3. Nd2 Nf6 4. Bd3 c5 5. exd5 Qxd5 6. Ngf3 cxd4 7. Bc4 Qd6 8.
O-O Nc6 9. Nb3 e5 10. Re1 Be7 11. Nxe5 Nxe5 12. Bf4 Nfd7 13. Qh5 Qg6 14. Rxe5
Nxe5 15. Qxe5 Qf6 16. Re1 O-O 17. Nxd4 Qxe5 18. Bxe5 Rd8 19. c3 Bf8 20. Bb3 Bd7
21. Kf1 Re8 22. Bd5 Re7 23. Bf4 Rxe1+ 24. Kxe1 Re8+ 25. Kd2 Bc8 26. Bc4 Bc5 27.
Be3 a6 28. Bd3 b5 29. a3 Bb7 30. g3 Bd5 31. Nc2 Bxe3+ 32. Nxe3 Rd8 33. Nxd5
Rxd5 34. h4 Kf8 35. Ke3 Ke7 36. c4 Re5+ 37. Kd4 Kd6 38. b4 f6 39. c5+ Kc7 40.
Be4 Re7 41. h5 g6 42. hxg6 hxg6 43. Bxg6 Re2 44. Kc3 Rxf2 45. g4 Rf3+ 46. Kb2
Re3 47. Bf5 Re5 48. Kc3 Re3+ 49. Kb2 Kc6 50. Ka2 Re8 51. Kb3 Re7 52. Kb2 Kd5
53. Ka2 Re2+ 54. Kb3 Re3+ 55. Kb2 Re8 56. Kc2 Rd8 57. Kc3 a5 58. Kb3 Re8 59.
Bd7 Re3+ 60. Kb2 Rg3 61. Bf5 Rg2+ 62. Kb1 Rg1+ 63. Kb2 Rg3 64. Bd7 Rg1 65. Bf5
Rg2+ 66. Kb1 axb4 67. axb4 Rd2 68. Bd7 Rd4 69. c6 Rxb4+ 70. Kc2 Rc4+ 71. Kb3
Kd6 72. Ka3 Rxc6 73. Bxc6 Kxc6 74. Kb4 Kb6 0-1

[Event "Jugend WM U20"]
[Site "Istanbul"]
[Date "2005.11.10"]
[Round "2.41"]
[White "Lauda, Alexandr"]
[Black "Carron, Julien"]
[Result "0-1"]
[WhiteElo "2010"]
[BlackElo "2314"]
[PlyCount "86"]
[EventDate "2005.11.??"]
[EventType "swiss"]
[EventRounds "13"]
[EventCountry "TUR"]
[Source "Reinhold Goldau"]
[SourceDate "2000.03.01"]

1. e4 c5 2. d4 cxd4 3. c3 d5 4. exd5 Qxd5 5. cxd4 Nc6 6. Nf3 e5 7. Nc3 Bb4 8.
Bd2 Bxc3 9. Bxc3 e4 10. Ne5 Nxe5 11. dxe5 Ne7 12. Qa4+ Bd7 13. Qb4 a5 14. Qd6
Qxd6 15. exd6 Nf5 16. O-O-O O-O 17. h4 b5 18. g4 b4 19. gxf5 bxc3 20. bxc3 Rfc8
21. c4 Bxf5 22. Rd4 Rc5 23. Bh3 Bxh3 24. Rxh3 f5 25. Rc3 Rd8 26. Rb3 Kf7 27.
Rb7+ Ke6 28. Re7+ Kf6 29. Rc7 Rxc7 30. dxc7 Rc8 31. Rd7 h5 32. Kd2 g5 33. hxg5+
Kxg5 34. Ke3 h4 35. f4+ Kf6 36. Kd4 h3 37. Kd5 e3 38. Rd6+ Kf7 39. Rb6 Rxc7 40.
Rb1 Rd7+ 41. Kc6 Rd4 42. c5 e2 43. Re1 h2 0-1

[Event "Jugend WM U20"]
[Site "Istanbul"]
[Date "2005.11.10"]
[Round "2.42"]
[White "Kvon, Andrey"]
[Black "Acuner, Emrah"]
[Result "1-0"]
[WhiteElo "2293"]
[BlackElo "1903"]
[PlyCount "85"]
[EventDate "2005.11.??"]
[EventType "swiss"]
[EventRounds "13"]
[EventCountry "TUR"]
[Source "Reinhold Goldau"]
[SourceDate "2000.03.01"]

1. e4 d6 2. d4 Nf6 3. Nc3 g6 4. g3 Bg7 5. Bg2 O-O 6. Nge2 c5 7. d5 Na6 8. h3
Bd7 9. a4 Nc7 10. O-O b5 11. axb5 Nxb5 12. f4 Ne8 13. Nxb5 Bxb5 14. c3 a5 15.
Be3 a4 16. Qd2 Bc4 17. Kh2 Qb6 18. Rf2 Qb5 19. Ra3 f5 20. exf5 gxf5 21. g4 fxg4
22. Ng3 Qd7 23. Nh5 Qf5 24. hxg4 Qxg4 25. Bf3 Qf5 26. Rg2 Kh8 27. b4 Bf1 28.
Rg3 Bf6 29. Nxf6 Nxf6 30. Ra1 Bc4 31. Rg5 Qd3 32. Qxd3 Bxd3 33. bxc5 h6 34. Rg2
dxc5 35. Bxc5 Rf7 36. d6 Rc8 37. Bd4 exd6 38. Bd5 Rff8 39. Rxa4 Bf5 40. Ra7
Rce8 41. Bf7 Re6 42. Bxe6 Bxe6 43. Rg6 1-0

[Event "Jugend WM U20"]
[Site "Istanbul"]
[Date "2005.11.11"]
[Round "3.2"]
[White "Lenic, Luka"]
[Black "Wojtaszek, Radoslaw"]
[Result "1/2-1/2"]
[WhiteElo "2476"]
[BlackElo "2606"]
[PlyCount "24"]
[EventDate "2005.11.??"]
[EventType "swiss"]
[EventRounds "13"]
[EventCountry "TUR"]
[Source "Reinhold Goldau"]
[SourceDate "2000.03.01"]

1. d4 Nf6 2. Nf3 e6 3. c4 c5 4. dxc5 Na6 5. e3 Be7 6. Be2 O-O 7. O-O Nxc5 8. b3
b6 9. Bb2 Bb7 10. Nc3 a6 11. Qc2 Qc7 12. Rac1 d6 1/2-1/2

[Event "Jugend WM U20"]
[Site "Istanbul"]
[Date "2005.11.11"]
[Round "3.3"]
[White "Tomashevsky, Evgeny"]
[Black "Terrieux, Kevin"]
[Result "1/2-1/2"]
[WhiteElo "2564"]
[BlackElo "2365"]
[PlyCount "59"]
[EventDate "2005.11.??"]
[EventType "swiss"]
[EventRounds "13"]
[EventCountry "TUR"]
[Source "Reinhold Goldau"]
[SourceDate "2000.03.01"]

1. d4 d5 2. c4 c6 3. Nf3 Nf6 4. e3 Bg4 5. Nc3 e6 6. h3 Bh5 7. cxd5 Bxf3 8. Qxf3
cxd5 9. g4 Nc6 10. Bd3 a6 11. g5 Nd7 12. h4 b5 13. Qg2 Nb6 14. h5 Rc8 15. Rh3
Nb4 16. Bb1 Na4 17. e4 e5 18. exd5 exd4 19. Ne2 Be7 20. g6 O-O 21. Qe4 d3 22.
Bxd3 Nxd3+ 23. Qxd3 fxg6 24. hxg6 Nc5 25. gxh7+ Kh8 26. Qd4 Qd7 27. Rh2 Bf6 28.
Qd1 Qf5 29. Kf1 Be5 30. Rg2 1/2-1/2

[Event "Jugend WM U20"]
[Site "Istanbul"]
[Date "2005.11.11"]
[Round "3.5"]
[White "Wei, Chenpeng"]
[Black "Romanov, Evgeny"]
[Result "1-0"]
[WhiteElo "2390"]
[BlackElo "2479"]
[PlyCount "99"]
[EventDate "2005.11.??"]
[EventType "swiss"]
[EventRounds "13"]
[EventCountry "TUR"]
[Source "Reinhold Goldau"]
[SourceDate "2000.03.01"]

1. e4 e5 2. Nf3 Nc6 3. Nc3 Nf6 4. g3 Bc5 5. Bg2 d6 6. d3 a6 7. O-O h6 8. Be3
Bxe3 9. fxe3 Ne7 10. Nh4 Bg4 11. Qd2 Qd7 12. Rf2 O-O 13. Raf1 c6 14. d4 Rad8
15. d5 Nh7 16. Nf3 c5 17. a4 Qc7 18. b3 g6 19. h4 Kg7 20. Nh2 h5 21. Nxg4 hxg4
22. Qe2 Qd7 23. a5 Ng8 24. Na4 Nhf6 25. Nb6 Qb5 26. Nc4 Qb4 27. Kh2 Qc3 28. Rb1
Qb4 29. Qd3 Ne7 30. Rbf1 Nh5 31. Qd1 f5 32. Qa1 Kg8 33. Nxd6 f4 34. Kg1 Nxg3
35. Qxe5 Nxf1 36. Rxf1 c4 37. Qe6+ Kh8 38. Qxe7 Qxd6 39. Qxd6 Rxd6 40. exf4
cxb3 41. e5 Rd7 42. cxb3 Kg7 43. d6 Kh6 44. Rd1 Re8 45. Bd5 Kh5 46. Bc4 Rh7 47.
Kg2 Kh6 48. e6 Rd8 49. Kg3 Kg7 50. e7 1-0

[Event "Jugend WM U20"]
[Site "Istanbul"]
[Date "2005.11.11"]
[Round "3.6"]
[White "Esen, Baris"]
[Black "Gashimov, Vugar"]
[Result "0-1"]
[WhiteElo "2384"]
[BlackElo "2608"]
[PlyCount "88"]
[EventDate "2005.11.??"]
[EventType "swiss"]
[EventRounds "13"]
[EventCountry "TUR"]
[Source "Reinhold Goldau"]
[SourceDate "2000.03.01"]

1. e4 c6 2. d4 d5 3. Nc3 g6 4. e5 Nh6 5. f4 Bg7 6. Nf3 Bg4 7. Be3 Nf5 8. Bf2 h5
9. Be2 e6 10. Ng5 Bxe2 11. Qxe2 Bh6 12. h4 Nd7 13. O-O-O Qe7 14. Kb1 Nb6 15.
Rd3 O-O-O 16. Nd1 Bxg5 17. fxg5 Kb8 18. Ne3 Ng7 19. Rc1 Rc8 20. b3 c5 21. dxc5
Rxc5 22. Nf1 Rc6 23. Nd2 Nf5 24. Nf3 Nd7 25. Nd4 Nxd4 26. Bxd4 Nc5 27. Bxc5
Rxc5 28. c3 Rhc8 29. Qe3 Ra5 30. Rc2 Qa3 31. Qd4 Rb5 32. Qe3 Rc6 33. Rd4 Ra6
34. Rb2 Rc5 35. Rc2 Rc7 36. Rf4 Qf8 37. Qf2 Rac6 38. Kb2 a5 39. Qe2 Ra6 40. Qb5
Qc8 41. Qf1 a4 42. bxa4 Rb6+ 43. Kc1 Rxc3 44. Rff2 Qc5 0-1

[Event "Jugend WM U20"]
[Site "Istanbul"]
[Date "2005.11.11"]
[Round "3.8"]
[White "Poobesh Anand, S."]
[Black "Nyback, Tomi"]
[Result "1/2-1/2"]
[WhiteElo "2397"]
[BlackElo "2563"]
[PlyCount "92"]
[EventDate "2005.11.??"]
[EventType "swiss"]
[EventRounds "13"]
[EventCountry "TUR"]
[Source "Reinhold Goldau"]
[SourceDate "2000.03.01"]

1. d4 Nf6 2. c4 e6 3. Nc3 Bb4 4. e3 b6 5. Nge2 Bb7 6. a3 Be7 7. d5 O-O 8. g3 b5
9. Nf4 bxc4 10. Bxc4 exd5 11. Nfxd5 c6 12. Nxe7+ Qxe7 13. O-O d5 14. Be2 a5 15.
Bd2 c5 16. Re1 Nbd7 17. Rc1 Bc6 18. Qc2 Rfb8 19. Nd1 Ne4 20. f3 Ng5 21. Bc3 a4
22. h4 Ne6 23. Nf2 Qd6 24. Kg2 Ne5 25. Red1 Rb3 26. Ne4 Qb8 27. Nxc5 Nxc5 28.
Bxe5 Qxe5 29. Qxc5 Rxe3 30. Bf1 Bb7 31. Qd4 Qe8 32. Kf2 Re6 33. Re1 Bc6 34. Bh3
Rxe1 35. Rxe1 Qd8 36. Rc1 Bd7 37. Bf1 Rb8 38. Rc2 Qa5 39. Be2 Be6 40. Qc5 Qxc5+
41. Rxc5 Rxb2 42. Ra5 Kf8 43. Rxa4 Rb3 44. Bd1 Rc3 45. Ke1 d4 46. Rxd4 Rxa3
1/2-1/2

[Event "Jugend WM U20"]
[Site "Istanbul"]
[Date "2005.11.11"]
[Round "3.9"]
[White "Stellwagen, Daniel"]
[Black "Sanikidze, Tornike"]
[Result "1/2-1/2"]
[WhiteElo "2561"]
[BlackElo "2411"]
[PlyCount "117"]
[EventDate "2005.11.??"]
[EventType "swiss"]
[EventRounds "13"]
[EventCountry "TUR"]
[Source "Reinhold Goldau"]
[SourceDate "2000.03.01"]

1. e4 c6 2. Nc3 d5 3. Nf3 Bg4 4. h3 Bh5 5. exd5 cxd5 6. Bb5+ Nc6 7. g4 Bg6 8.
Ne5 Rc8 9. d4 e6 10. h4 f6 11. Nxg6 hxg6 12. Bd3 Kf7 13. Ne2 Nb4 14. c3 Nxd3+
15. Qxd3 Bd6 16. Bf4 Ne7 17. O-O-O Rc6 18. Kb1 Qa5 19. Bxd6 Rxd6 20. h5 gxh5
21. Rxh5 Rxh5 22. gxh5 Ra6 23. Nc1 Nf5 24. Rg1 Rb6 25. Nb3 Qb5 26. Qxb5 Rxb5
27. Nc5 Rb6 28. Re1 Nh4 29. a4 a5 30. Kc2 Ng2 31. Rh1 e5 32. h6 gxh6 33. Rxh6
Kg7 34. Rh1 Nf4 35. Nb3 Ra6 36. Nc5 Rb6 37. Re1 e4 38. Rg1+ Kf7 39. Rh1 Kg7 40.
Rg1+ Kf7 41. Rh1 Kg7 42. Rh4 Ng6 43. Rh5 Ne7 44. b3 f5 45. Kd2 f4 46. Re5 Kf7
47. c4 dxc4 48. bxc4 Rb2+ 49. Kc3 Rxf2 50. Nxe4 Rf3+ 51. Kd2 Ra3 52. Nc3 Rb3
53. d5 Rb2+ 54. Kd3 f3 55. Re3 f2 56. Rf3+ Kg6 57. Ne4 Rb3+ 58. Nc3 Rb2 59. Ne4
1/2-1/2

[Event "Jugend WM U20"]
[Site "Istanbul"]
[Date "2005.11.11"]
[Round "3.11"]
[White "Cornette, Matthieu"]
[Black "L'Ami, Erwin"]
[Result "1/2-1/2"]
[WhiteElo "2418"]
[BlackElo "2541"]
[PlyCount "56"]
[EventDate "2005.11.??"]
[EventType "swiss"]
[EventRounds "13"]
[EventCountry "TUR"]
[Source "Reinhold Goldau"]
[SourceDate "2000.03.01"]

1. e4 c5 2. Nf3 d6 3. d4 cxd4 4. Nxd4 Nf6 5. Nc3 a6 6. Bc4 e6 7. Bb3 Nc6 8. Be3
Be7 9. Qe2 O-O 10. O-O-O Qc7 11. g4 Nd7 12. g5 Nc5 13. Rhg1 b5 14. Kb1 b4 15.
Nxc6 bxc3 16. Nxe7+ Qxe7 17. Bd4 Bb7 18. e5 Ne4 19. Qe3 Rfc8 20. exd6 Qxd6 21.
Bxc3 Nxc3+ 22. Qxc3 Qxh2 23. Qe3 a5 24. a4 Rab8 25. f3 Qc7 26. Rd2 Bd5 27. Bxd5
exd5 28. Rh1 Rb4 1/2-1/2

[Event "Jugend WM U20"]
[Site "Istanbul"]
[Date "2005.11.11"]
[Round "3.12"]
[White "Smeets, Jan"]
[Black "Sulashvili, Malkhaz"]
[Result "1-0"]
[WhiteElo "2531"]
[BlackElo "2386"]
[PlyCount "81"]
[EventDate "2005.11.??"]
[EventType "swiss"]
[EventRounds "13"]
[EventCountry "TUR"]
[Source "Reinhold Goldau"]
[SourceDate "2000.03.01"]

1. e4 c6 2. d4 d5 3. Nc3 dxe4 4. Nxe4 Bf5 5. Ng3 Bg6 6. h4 h6 7. Nf3 Nd7 8. h5
Bh7 9. Bd3 Bxd3 10. Qxd3 e6 11. Bf4 Qa5+ 12. Bd2 Qc7 13. O-O-O Ngf6 14. Ne4
O-O-O 15. g3 Nxe4 16. Qxe4 Nf6 17. Qe2 Bd6 18. c4 c5 19. Bc3 cxd4 20. Nxd4 a6
21. Kb1 Rd7 22. Rc1 Kb8 23. Nf3 Qc5 24. Rhd1 Rhd8 25. Ne5 Bxe5 26. Bxe5+ Kc8
27. Rxd7 Rxd7 28. f4 Qc6 29. Re1 Ne8 30. Bc3 Nd6 31. g4 Nxc4 32. b3 Na3+ 33.
Kb2 Nb5 34. Bxg7 Rc7 35. Qd2 Rd7 36. Qf2 Qd5 37. Rc1+ Rc7 38. Rxc7+ Kxc7 39. g5
hxg5 40. h6 Qh1 41. Qc2+ 1-0